000 00585cam a2200217 4500
001 D1610
008 090401t1983 xxu||||| |||| 00| 0 eng d
035 _a(Sirsi) u97732
041 _aeng
050 _a711.14
100 _aBoynton, Sir John K
245 _aBoynton`s guide to compulsory purchase and compensation
250 _a5th
260 _aLondon
_bOyez Longman
_c1983
300 _axxxvi. 321p. 22cm
350 _a17.25
520 _aPrevious editions entitled Compulsory purchase and compensation
700 _aHawkins, David J
942 _n0
948 _c04/03/1997
999 _c98984
_d98984